Space Agencies With Launch Capability - Statistics

General Stats
  • This quiz has been taken 15 times
  • The average score is 5 of 16
Answer Stats
Year Founded Space Agency Country % Correct
1958 National Aeronautics and Space Administration United States
100%
1975 European Space Agency European Union
79%
1992 Russian Federal Space Agency Russia
50%
2004 Iranian Space Agency Iran
43%
1983 Israeli Space Agency Israel
43%
2003 Japan Aerospace Exploration Agency Japan
43%
2018 Australian Space Agency Australia
29%
1993 Chinese National Space Agency China
29%
1969 Indian Space Research Organisation India
29%
1988 Italian Space Agency Italy
21%
1931-1955? Space Program of the Union of Soviet Socialist Republics Soviet Union
21%
1961 Centre National d'Études Spatiales France
14%
1989 Korea Aerospace Research Institution South Korea
14%
2013 National Aerospace Development Administration North Korea
7%
1992-1993? National Space Agency of Ukraine Ukraine
7%
2019 United States Space Force United States
7%
No matching quizzes found
Score Distribution
Percent of People with Each Score
Percentile by Number Answered
Your Score History
You have not taken this quiz